00775nam a2200277Ia 4500008004100000020001500041050001100056050001400067245004100081245005400122260001000176260001300186260000900199300001600208300003300224300001000257500002000267650003300287650003600320650002400356650003600380650001600416700002600432700002000458999001900478170711s9999 xx 000 0 und d a140001672X a813.54 bF653 2006 aFodor's guide to the Da Vinci code / cedited by Jennifer Paull and Christopher Culwell. aUSA : bFodor's, c2006 a253 pages : bsome colored illustrations ; c20cm. aIncludes index. aAmerican fiction in English. aBrown, Dan, -- 1964 --Settings. aEurope, Western --  aGeography and travel in Europe. xGuidebooks. aCulwell, Christopher. aPaull, Jennife. c339831d339831